[Event "AUTO-INT-2953"]
[Site "http://www.queenalice.com/game.php?id=1339418"]
[Date "2015.2.5"]
[Round "1"]
[White "piemme"]
[Black "lisangelo"]
[Result "1-0"]
[WhiteElo "1574"]
[BlackElo "1671"]

1. e4 c5 2. Bc4 e6 3. Nf3 Nc6 4. O-O Nf6 5. d3 d5 6. exd5 Nxd5 7. Bg5 f6 8. Bxd5
exd5 9. Re1+ Be7 10. Bd2 Bg4 11. h3 Bxf3 12. Qxf3 Ne5 13. Qg3 1-0

[Event "AUTO-INT-2953"]
[Site "http://www.queenalice.com/game.php?id=1339419"]
[Date "2015.2.5"]
[Round "1"]
[White "lisangelo"]
[Black "piemme"]
[Result "0-1"]
[WhiteElo "1651"]
[BlackElo "1594"]

1. d4 d5 2. c4 e6 3. Nc3 Bb4 4. Nf3 Bxc3+ 5. bxc3 Nf6 6. cxd5 Qxd5 7. g3 O-O 8.
Bg2 Qa5 9. O-O Qxc3 10. Bf4 c6 11. Ne5 Rd8 12. Rc1 Qxd4 0-1

[Event "AUTO-INT-3175"]
[Site "http://www.queenalice.com/game.php?id=1442132"]
[Date "2016.9.20"]
[Round "1"]
[White "lisangelo"]
[Black "Edson_Vieira"]
[Result "0-1"]
[WhiteElo "1638"]
[BlackElo "2162"]

1. d4 Nf6 2. c4 Nc6 3. Nf3 d6 4. Bg5 e6 5. Nc3 Be7 6. e4 h6 7. Bf4 Bd7 8. Bd3
Nxd4 9. Nxd4 a6 10. e5 dxe5 11. Bxe5 Bd6 12. Bxd6 cxd6 13. O-O Qb6 14. Qb3 Qxd4
15. Rad1 Qa7 16. Ne4 Nxe4 17. Bxe4 Ba4 18. Qxa4+ Ke7 19. c5 d5 20. Bxd5 exd5 21.
Rfe1+ Kf8 22. Rxd5 Kg8 23. Rd7 Qxc5 24. Qb3 Qf5 25. Qxb7 Rf8 26. Rd5 Qc8 27. Qb3
Re8 28. Kf1 Rxe1+ 29. Kxe1 Kh7 30. Qd3+ g6 31. f4 Qc1+ 32. Kf2 Qxf4+ 33. Ke2
Re8+ 34. Kd1 Qf2 35. Qd2 Qf1+ 0-1

[Event "AUTO-INT-3175"]
[Site "http://www.queenalice.com/game.php?id=1442133"]
[Date "2016.9.20"]
[Round "1"]
[White "Edson_Vieira"]
[Black "lisangelo"]
[Result "1-0"]
[WhiteElo "2164"]
[BlackElo "1636"]

1. e4 c5 2. Bc4 e6 3. Nc3 Nf6 4. e5 d5 5. Bb5+ Nfd7 6. Nf3 Be7 7. O-O O-O 8. b3
Nc6 9. Bxc6 bxc6 10. d4 c4 11. bxc4 Ba6 12. Nd2 Bb4 13. Ncb1 dxc4 14. c3 Be7 15.
Ba3 c5 16. Re1 cxd4 17. Bxe7 Qxe7 18. cxd4 Rac8 19. Ne4 Bb7 20. Nd6 Rc7 21. Nc3
Qg5 22. g3 f5 23. exf6 Qxf6 24. Qe2 Qxd4 25. Ncb5 Qd5 26. Qxe6+ Qxe6 27. Rxe6
Rc5 28. a4 Bd5 29. Re7 c3 30. Rxd7 g5 31. Rxa7 Rd8 32. f4 c2 33. Rc1 Be4 34.
Nxe4 Rd1+ 35. Kg2 Rxc1 36. Nf6+ Kf8 37. Nd6 1-0

[Event "AUTO-INT-3175"]
[Site "http://www.queenalice.com/game.php?id=1442136"]
[Date "2016.9.20"]
[Round "1"]
[White "lisangelo"]
[Black "Erlofabr"]
[Result "1-0"]
[WhiteElo "1617"]
[BlackElo "1732"]

1. d4 Nf6 2. c4 d5 3. Nf3 c5 4. Bg5 Ne4 5. Nc3 Qa5 6. Qc2 Bf5 7. Ne5 f6 8. Nf7
Kxf7 9. Be3 e5 10. Qb3 Nc6 11. Qxb7+ Be7 12. Qxc6 Nxc3 13. Bd2 cxd4 14. e4 Bxe4
15. f3 Bb1 16. bxc3 dxc3 17. Qxd5+ Kg6 18. Qxa5 c2 19. Bd3+ f5 20. Qd5 Bf6 21.
g4 Rad8 22. Bxf5# 1-0

[Event "AUTO-INT-3175"]
[Site "http://www.queenalice.com/game.php?id=1442137"]
[Date "2016.9.20"]
[Round "1"]
[White "Erlofabr"]
[Black "lisangelo"]
[Result "0-1"]
[WhiteElo "1684"]
[BlackElo "1634"]

1. e4 c5 2. Bc4 Nf6 3. Qf3 Nc6 4. Nh3 Ne5 5. Qf4 d6 6. Bb3 Bxh3 7. gxh3 g6 8. h4
Nh5 9. Qe3 Bg7 10. d4 cxd4 11. Qe2 O-O 12. f4 Bh6 13. O-O Nc6 14. Qg2 Qb6 15.
Rf2 d3 16. cxd3 Ne5 17. Bc2 Nxf4 18. Bxf4 Bxf4 19. Nc3 Qxb2 20. Raf1 Be3 21. Nd1
Bxf2+ 22. Rxf2 Qxa2 23. h5 Qe6 24. Ne3 a5 25. Ba4 Nxd3 26. Rd2 Nc5 27. Bb5 Nxe4
28. Rd5 Rac8 29. Bc4 Rxc4 30. hxg6 fxg6 31. Rh5 Rc1+ 32. Nf1 Rcxf1+ 33. Qxf1
Rxf1+ 34. Kxf1 gxh5 0-1

[Event "AUTO-ADV-3737"]
[Site "http://www.queenalice.com/game.php?id=1451550"]
[Date "2016.11.23"]
[Round "1"]
[White "RDario"]
[Black "lisangelo"]
[Result "1-0"]
[WhiteElo "2011"]
[BlackElo "1637"]

1. d4 Nf6 2. Nf3 d5 3. Bf4 Nc6 4. e3 Bg4 5. Nbd2 Ne4 6. Be2 e6 7. Ne5 Nxe5 8.
dxe5 Qh4 9. Nxe4 dxe4 10. Bxg4 Rd8 11. Qe2 Qe7 12. Qb5+ c6 13. Qa4 1-0

[Event "AUTO-INT-3619"]
[Site "http://www.queenalice.com/game.php?id=1637514"]
[Date "2020.12.25"]
[Round "1"]
[White "Jomaley"]
[Black "lisangelo"]
[Result "0-1"]
[WhiteElo "1401"]
[BlackElo "1600"]

1. e4 c5 2. c4 b6 3. d3 Nf6 4. h3 Nc6 5. a3 e5 6. Bg5 Be7 7. Bxf6 Bxf6 8. Qg4 d6
9. Qf3 Nd4 10. Qd1 O-O 11. h4 Bd7 12. Nf3 Qe8 13. Nxd4 exd4 14. Be2 Qb8 15. g4
b5 16. Nd2 bxc4 17. Nxc4 a5 18. g5 Bd8 19. Qd2 d5 20. exd5 Re8 21. O-O-O Ba4 22.
Bh5 g6 23. Bf3 Bxd1 24. Qxd1 Qf4+ 25. Kc2 Rb8 26. Qd2 Qxf3 27. Nd6 Re2 0-1

[Event "AUTO-INT-3619"]
[Site "http://www.queenalice.com/game.php?id=1637515"]
[Date "2020.12.25"]
[Round "1"]
[White "lisangelo"]
[Black "Jomaley"]
[Result "1-0"]
[WhiteElo "1608"]
[BlackElo "1455"]

1. e4 e5 2. Nf3 Bd6 3. d4 Nc6 4. d5 Nd4 5. Nxd4 Qh4 6. Nb5 Qxe4+ 7. Be2 Qxg2 8.
Rf1 Qxh2 9. Nxd6+ cxd6 10. Nc3 a6 11. b3 b5 12. Ne4 h6 13. Bb2 Nf6 14. Nxf6+
gxf6 15. Qd2 Qf4 16. O-O-O Bb7 17. Rde1 Qxd2+ 18. Kxd2 Bxd5 19. Bg4 h5 20. Bf5
h4 21. Ba3 Ke7 22. f4 Bg2 23. Rg1 Bd5 24. fxe5 fxe5 25. Rxe5+ Be6 26. Bxe6 fxe6
27. Re4 a5 28. Rg7+ Kf6 29. Rxd7 d5 30. Bb2+ Kf5 31. Re5+ Kf4 32. Rf7+ Kg4 33.
Rg7+ Kf4 34. Reg5 Raf8 35. Rg1 Ke4 36. Re1+ Kf3 37. Rf1+ Ke4 38. Rg4+ Rf4 39.
Rgxf4# 1-0

[Event "AUTO-INT-3619"]
[Site "http://www.queenalice.com/game.php?id=1637528"]
[Date "2020.12.25"]
[Round "1"]
[White "mennecy91"]
[Black "lisangelo"]
[Result "1-0"]
[WhiteElo "1612"]
[BlackElo "1632"]

1. d4 d5 2. Nf3 c6 3. c3 Bf5 4. Bg5 Nf6 5. Nbd2 Ne4 6. Nxe4 dxe4 7. Nh4 f6 8.
Bxf6 gxf6 9. Nxf5 e5 10. dxe5 Qxd1+ 11. Rxd1 Nd7 12. exf6 Nxf6 13. e3 b5 14. Be2
Rg8 15. g3 a5 16. Nd6+ Bxd6 17. Rxd6 Rg6 18. O-O Ke7 19. Rfd1 h5 20. Rxc6 b4 21.
cxb4 axb4 22. Ra6 Rxa6 23. Bxa6 Ne8 24. Be2 h4 25. Rd4 Nf6 26. Rxb4 1-0

[Event "AUTO-INT-3619"]
[Site "http://www.queenalice.com/game.php?id=1637529"]
[Date "2020.12.25"]
[Round "1"]
[White "lisangelo"]
[Black "mennecy91"]
[Result "0-1"]
[WhiteElo "1615"]
[BlackElo "1629"]

1. e4 c5 2. Nf3 Nc6 3. Nc3 g6 4. d4 cxd4 5. Nxd4 Bg7 6. Nxc6 bxc6 7. Bc4 d6 8.
Bg5 Be6 9. Bxe6 fxe6 10. O-O Rb8 11. b3 Bxc3 12. Rb1 Nf6 13. Qd3 Ba5 14. Qa6 Qb6
15. Qc4 d5 16. exd5 exd5 17. Qf4 O-O 18. Bh6 Rf7 19. c4 Bb4 20. Qc1 Ng4 21. Be3
Nxe3 22. fxe3 Rxf1+ 23. Qxf1 Qxe3+ 24. Kh1 Rf8 25. Qc1 Qxc1+ 26. Rxc1 e5 0-1

[Event "AUTO-INT-3619"]
[Site "http://www.queenalice.com/game.php?id=1637536"]
[Date "2020.12.25"]
[Round "1"]
[White "mitsho"]
[Black "lisangelo"]
[Result "1-0"]
[WhiteElo "1625"]
[BlackElo "1649"]

1. d4 d5 2. c4 dxc4 3. e4 b5 4. Nf3 Nf6 5. Nbd2 g6 6. a4 e5 7. axb5 Bb4 8. Bxc4
O-O 9. O-O exd4 10. Qb3 Bc5 11. Ne5 Kg7 12. Ndf3 Nbd7 13. Nxf7 Qe7 14. N7g5 Nb6
15. Bf4 Nxc4 16. Qxc4 Nxe4 17. Nxe4 Rxf4 18. Nxc5 Qf6 19. Nd3 Be6 20. Qxc7+ Qf7
21. Nxf4 1-0

[Event "AUTO-INT-3619"]
[Site "http://www.queenalice.com/game.php?id=1637537"]
[Date "2020.12.25"]
[Round "1"]
[White "lisangelo"]
[Black "mitsho"]
[Result "1-0"]
[WhiteElo "1633"]
[BlackElo "1630"]

1. e4 Nc6 2. Nf3 e5 3. Bb5 Nge7 4. Nc3 g6 5. O-O Bg7 6. d4 exd4 7. Nd5 O-O 8.
Bg5 a6 9. Bxc6 bxc6 10. Nxe7+ Kh8 11. Nxg6+ 1-0